00559nam a2200193 a 4500008004100000020002200041100002000063245006800083260003600151300003500187504004100222500002000263650002100283700001600304700001800320003000100338005001700339040000900356  a0071357319 (hbk.)1 aCrouhy, Michel.10aRisk management /cby Michel Crouhy, Dan Galai and Robert Mark. aNew York :bMcGraw-Hill,c2000. axiii, 717 p. :bill. ;c24 cm. aIncludes bibliographical references. aIncludes index. 0aRisk management.1 aGalai, Dan.1 aMark, Robert.20230123125508.0 cNUST